Cambio de paradigmas empresariales.
Đã lưu trong:
| Tác giả chính: | |
|---|---|
| Tác giả khác: | |
| Định dạng: | Sách |
| Được phát hành: |
Bogotá, Colombia:
McGraw-Hill,
1995.
|
| Những chủ đề: | |
| Các nhãn: |
Thêm thẻ
Không có thẻ, Là người đầu tiên thẻ bản ghi này!
|
MARC
| LEADER | 00000nam a2200000 a 4500 | ||
|---|---|---|---|
| 001 | UCY5014 | ||
| 003 | CL-VaPUC | ||
| 005 | 20231011171357.0 | ||
| 008 | 231011t1995 ||||| |||| 00| 0 eng d | ||
| 999 | |c 232749 |d 232747 | ||
| 020 | |a 958-600-312-4 | ||
| 040 | |c Pontificia Universidad Católica de Valparaíso | ||
| 082 | 0 | 4 | |a 658.406 TAP 1995 |2 21 |
| 100 | 0 | |a Tapscott, Don |e autor |9 333579 | |
| 245 | 1 | 0 | |a Cambio de paradigmas empresariales. |
| 260 | |a Bogotá, Colombia: |b McGraw-Hill, |c 1995. | ||
| 300 | |a 365 páginas. | ||
| 500 | |a c.3 Donación Rectoria 2022. | ||
| 583 | |a last modification |c 19950410 00:00:00 |k Rodrigo Vera | ||
| 650 | 0 | |a Cambio organizacional |9 260741 | |
| 650 | 0 | |a Reorganización de corporaciones |2 CL-VaPUC |9 329243 | |
| 650 | 0 | |a Sistemas de información en administración |2 CL-VaPUC |9 260041 | |
| 650 | 0 | |a Negocios |9 262468 | |
| 700 | 0 | |a Caston, Art |e autor |9 333580 | |
| 942 | |c BK |2 ddc | ||
| 945 | |d 19950410 00:00:00 |a mfernand | ||
| 952 | |0 0 |1 0 |4 0 |6 658_406000000000000_TAP_1995 |7 0 |8 A |9 237614 |a BIBING |b BIBING |d 2019-11-15 |i 3075877 |o 658.406 TAP 1995 |p 3075877 |r 2025-01-20 |w 2019-11-15 |y BK |k EII | ||
| 952 | |0 0 |1 0 |4 0 |6 658_406000000000000_TAP_1995 |7 0 |8 A |9 237615 |a BIBEDU |b BIBEDU |d 2019-11-15 |i 3185745 |o 658.406 TAP 1995 |p 3185745 |r 2019-11-15 |w 2019-11-15 |y BK |k EDU | ||
| 952 | |0 0 |1 0 |2 ddc |4 0 |6 658_406000000000000_TAP_1995 |7 0 |8 A |9 591921 |a BIBENE |b BIBENE |c GEN |d 2023-10-11 |e Donación |i 5659030 |o 658.406 TAP 1995 |p 5659030 |r 2025-01-15 |t 3 |w 2023-10-11 |y BK |k ICO | ||